000 02312nam a22003017a 4500
001 1602
003 FISKH
005 20260428161323.0
008 230908b cb ||||| |||| 00| 0 khr d
020 _a9789995054694
040 _aFISKH
_beng
_cFISKH
_dFISKH
082 _a636.2
100 _aKhai, Chut
245 _aកូនក្របី មនោសញ្ចេតនា /
_cជុត ខៃ​ - រូបគំនូរដោយ ៖ ច័ន្ទ វិត្ថារិន
250 _aបោះពុម្ពលើកទី ៥ ខែសីហា ឆ្នាំ​២០២២
260 _aPhnom Penh :
_bSipar,
_c2022.
300 _a59 pages :
_billustrations ;
_c19 cm
490 _aអក្សសិល្ប៍យុវវ័យ
505 _aZ'
520 _aក្រោមកំដៅថ្ងៃនៃខែឧសភា ឆ្នាំ ១៩៧៨... បន្ទាប់ពីបានធ្វើដំណើរយ៉ាងយូរឆ្លងកាត់តំបន់ជាច្រើនដែលនៅខាងកើតដងទន្លេមេគង្គមក លោក ជុត ខៃ និងគ្រួសារក៏ទៅដល់ភូមិមួយដែលព្រមទទួលឳ្យពយកគាត់ស្នាក់នៅ។ នីនីតា កូនស្រីច្បង របស់គាត់ កាលណោះមានអាយុទើបតែ៩ឆ្នាំ ត្រូវមើលកូនក្របីមួយឈ្មោះ អាញ៉ិ ដែលក្រោយមកក្លាយជាមិត្តនាង​ហើយដើរតាមនាងគ្រប់ទិសទី។
520 _aIn the heat of May 1978 ... After a long journey through many areas east of the Mekong River, Chut Khay and his family arrived at a village that accepted him. Ninita, his eldest daughter, was only nine years old when she had to look after a buffalo named Anh, who later became her friend and followed her everywhere.
521 8 _a920
_bLexile estimate
521 8 _aZ'
_bRaz-Plus
650 _aដំណើរផ្សងព្រេង
_vមើលថែ
_xមិត្ត
650 _aAdventure
_vLook after
_xFriend
700 _aVitharin, Chan
_eillustrator
942 _2ddc
_cBK
_n0
999 _c1602
_d1602